| 000 | 01066nam a2200241Ia 4500 | ||
|---|---|---|---|
| 999 |
_c39605 _d39605 |
||
| 001 | 6205 | ||
| 003 | GE_BSU | ||
| 005 | 20190505230758.0 | ||
| 008 | 181216s1973||||ge |||||||||||||| ||geo|| | ||
| 040 | _cGE_BSU | ||
| 041 | _ageo | ||
| 080 | _a69(075.8) დ-63 | ||
| 100 |
_aდობორჯგინიძე, შ. _9719 |
||
| 245 |
_aსამშენებლო საქმის საფუძვლები : _bსახელმძღვ. / _cშ. დობორჯგინიძე, ნ. თუხარელი ; რედ. პ. ლაბარტყავა. |
||
| 260 | _aთბ. | ||
| 264 |
_aთბილისი : _bგანათლება, _c1973. |
||
| 300 |
_a364 გვ. : _bილ. ; _c22 სმ. |
||
| 504 | _aბიბლიოგრ. : გვ.358-359. | ||
| 653 | _aსამშენებლო საქმის საფუძვლები | ||
| 700 |
_aთუხარელი, ნ. _eავტორი _9303 |
||
| 700 |
_aლაბარტყავა. პ. _eრედაქტორი _9523 |
||
| 942 |
_cBK _2udc |
||